| 000 | 01206pam a2200313 a 4500 | ||
|---|---|---|---|
| 999 |
_c10508 _d10508 |
||
| 001 | 2997676 | ||
| 003 | OSt | ||
| 005 | 20191224145256.0 | ||
| 008 | 930827s1994 dcua b i001 0 eng | ||
| 010 | _a 93033147 | ||
| 020 | _a0195645510 | ||
| 040 |
_aDLC _cDLC _dDLC |
||
| 043 | _aa-ii--- | ||
| 050 | 0 | 0 |
_aHC435.2 _b.J7 1994 |
| 082 | 0 | 0 |
_a338.954 _220 _bJOS/I |
| 100 |
_aJoshi, Vijay _9734 |
||
| 245 | 1 | 0 |
_aIndia : _bmacroeconomics and political economy, 1964-1991 / _cVijay Joshi, I.M.D. Little. |
| 260 |
_aWashington, D.C. : _bWorld Bank, _cc1994. |
||
| 300 |
_axviii, 397 p. : _bill. ; _c24 cm. |
||
| 440 | 0 | _aWorld Bank comparative macroeconomic studies | |
| 504 | _aIncludes bibliographical references (p. 379-390) and index. | ||
| 651 | 0 |
_aIndia _xEconomic policy _y1961-1966. |
|
| 651 | 0 |
_aIndia _xEconomic policy _y1966- |
|
| 651 | 0 |
_aIndia _xEconomic conditions _y1947- |
|
| 700 | 1 |
_aLittle, I. M. D., _d1918-2012 _9751 |
|
| 906 |
_a7 _bcbc _corignew _d1 _eocip _f19 _gy-gencatlg |
||
| 942 |
_2ddc _cBK _h338.954 _iJOS/I _k338.954 _mJOS/I |
||